Newcastle United Goalkeeper By Year - Statistics

General Stats
  • This quiz has been taken 276 times
    24 since last reset
  • The average score is 21 of 60
Answer Stats
Season Goalkeeper % Correct
2025-26 Nick Pope
95%
2024-25 Nick Pope
95%
2022-23 Nick Pope
95%
2023-24 Martin Dúbravka
82%
2021-22 Martin Dúbravka
82%
2019-20 Martin Dúbravka
82%
2018-19 Martin Dúbravka
82%
2008-09 Shay Given
73%
2006-07 Shay Given
73%
2005-06 Shay Given
73%
2004-05 Shay Given
73%
2003-04 Shay Given
73%
2002-03 Shay Given
73%
2001-02 Shay Given
73%
2000-01 Shay Given
73%
1998-99 Shay Given
73%
1997-98 Shay Given
73%
2014-15 Tim Krul
45%
2013-14 Tim Krul
45%
2012-13 Tim Krul
45%
2011-12 Tim Krul
45%
2010-11 Tim Krul
45%
2020-21 Karl Darlow
36%
1996-97 Pavel Srníček
32%
1994-95 Pavel Srníček
32%
1993-94 Pavel Srníček
32%
2017-18 Rob Elliot
32%
2015-16 Rob Elliot
32%
1995-96 Shaka Hislop
23%
2007-08 Steve Harper
23%
1999-00 Steve Harper
23%
1988-89 Dave Beasant
14%
1974-75 Iam McFaul
9%
1973-74 Iam McFaul
9%
1972-73 Iam McFaul
9%
1971-72 Iam McFaul
9%
1970-71 Iam McFaul
9%
1969-70 Iam McFaul
9%
1968-69 Iam McFaul
9%
1984-85 Kevin Carr
9%
1977-78 Mike Mahoney
9%
1976-77 Mike Mahoney
9%
1975-76 Mike Mahoney
9%
1957-58 Ronnie Simpson
9%
1956-57 Ronnie Simpson
9%
1955-56 Ronnie Simpson
9%
1954-55 Ronnie Simpson
9%
1953-54 Ronnie Simpson
9%
1952-53 Ronnie Simpson
9%
1951-52 Ronnie Simpson
9%
1960-61 Bryan Harvey
5%
1959-60 Bryan Harvey
5%
1958-59 Bryan Harvey
5%
1987-88 Gary Kelly
5%
1967-68 Gordon Marshall
5%
1966-67 Gordon Marshall
5%
1965-66 Gordon Marshall
5%
1950-51 Jack Fairbrother
5%
1986-87 Martin Thomas
5%
1985-86 Martin Thomas
5%
No matching quizzes found
Score Distribution
Percent of People with Each Score
Percentile by Number Answered
Your Score History
You have not taken this quiz since the last reset